[Event "Di Roseto op 1st"]
[Site "Di Roseto"]
[Date "2010.06.12"]
[Round "9"]
[White "Braschi, Giancarlo"]
[Black "Napoli, Nicolo"]
[Result "1/2-1/2"]
[WhiteElo "2062"]
[BlackElo "2334"]
[PlyCount "29"]
[EventDate "2010.06.04"]
[EventType "swiss"]
[EventRounds "9"]
[EventCountry "ITA"]
[SourceTitle "CBM 136 Extra"]
[Source "ChessBase"]
[SourceDate "2010.07.02"]
[SourceVersion "2"]
[SourceVersionDate "2010.07.15"]
[SourceQuality "1"]

1. e4 c5 2. Nf3 b6 3. Nc3 Bb7 4. d4 cxd4 5. Nxd4 Nf6 6. Bd3 e6 7. 0-0 Nc6 8. Nxc6 Bxc6 9. Qe2 Be7 10. e5 Nd5 11. Nxd5 Bxd5 12. Be4 Bxe4 13. Qxe4 0-0 14. Bf4 f6 15. Rad1 1/2-1/2

[Event "Rewal op 11th"]
[Site "Rewal"]
[Date "2006.08.28"]
[Round "10"]
[White "Walentukiewicz, Michal"]
[Black "Braschi, Giancarlo"]
[Result "1/2-1/2"]
[WhiteElo "2182"]
[BlackElo "2160"]
[PlyCount "39"]
[EventDate "2006.08.21"]
[EventType "swiss"]
[EventRounds "11"]
[EventCountry "POL"]
[SourceTitle "EXT 2010"]
[Source "ChessBase"]
[SourceDate "2010.11.25"]
[SourceVersion "1"]
[SourceVersionDate "2010.11.25"]
[SourceQuality "1"]

1. c4 c5 2. Nf3 Nc6 3. g3 e5 4. d3 Nge7 5. Bg2 d5 6. cxd5 Nxd5 7. 0-0 Be7 8. Nc3 Nc7 9. Be3 0-0 10. Rc1 b6 11. Nd2 Qd7 12. Nc4 Rb8 13. f4 exf4 14. Bxf4 Bb7 15. Ne4 Rbd8 16. Ncd6 Ba8 17. Nf5 Ne6 18. Be3 Ncd4 19. g4 Rfe8 20. Qe1 1/2-1/2

[Event "Rewal op 11th"]
[Site "Rewal"]
[Date "2006.08.26"]
[Round "8"]
[White "Braschi, Giancarlo"]
[Black "Sanetra, Piotr"]
[Result "0-1"]
[WhiteElo "2160"]
[BlackElo "2078"]
[PlyCount "88"]
[EventDate "2006.08.21"]
[EventType "swiss"]
[EventRounds "11"]
[EventCountry "POL"]
[SourceTitle "EXT 2010"]
[Source "ChessBase"]
[SourceDate "2010.11.25"]
[SourceVersion "1"]
[SourceVersionDate "2010.11.25"]
[SourceQuality "1"]

1. d4 d5 2. c4 e6 3. Nc3 Nf6 4. cxd5 exd5 5. Bg5 Nbd7 6. Qc2 Be7 7. e3 0-0 8. Bd3 c6 9. Nge2 Re8 10. f3 Nf8 11. 0-0-0 b5 12. g4 N6d7 13. h4 Qa5 14. Ng3 Nb6 15. Kb1 b4 16. Nce2 Ba6 17. Nf5 Bxd3 18. Qxd3 Bxg5 19. hxg5 c5 20. dxc5 Qxc5 21. Ned4 Nc4 22. f4 Rad8 23. Rh2 Re4 24. Rdh1 Nxe3 25. Rc1 Qb6 26. Rc6 Qb7 27. Nxe3 Rxd4 28. Qxd4 Qxc6 29. Nf5 Qg6 30. Kc1 Kh8 31. Rh6 Ne6 32. Qe5 Nxf4 33. Qxf4 gxh6 34. Qe5+ f6 35. gxf6 Qe8 36. Ne7 Qf7 37. Kc2 d4 38. b3 Rf8 39. Nd5 Qg6+ 40. Kb2 Qxg4 41. Nxb4 Qg5 42. Qe7 Qxf6 43. Qxa7 d3+ 44. Ka3 d2 0-1

[Event "Rewal op 11th"]
[Site "Rewal"]
[Date "2006.08.23"]
[Round "3"]
[White "Braschi, Giancarlo"]
[Black "Koziej, Maciej"]
[Result "1-0"]
[WhiteElo "2160"]
[BlackElo "2005"]
[PlyCount "59"]
[EventDate "2006.08.21"]
[EventType "swiss"]
[EventRounds "11"]
[EventCountry "POL"]
[SourceTitle "EXT 2010"]
[Source "ChessBase"]
[SourceDate "2010.11.25"]
[SourceVersion "1"]
[SourceVersionDate "2010.11.25"]
[SourceQuality "1"]

1. d4 f5 2. g3 Nf6 3. Bg2 e6 4. c4 c6 5. Nh3 d5 6. Qc2 Be7 7. Nd2 0-0 8. 0-0 g6 9. Nf3 Kg7 10. Nf4 Ne4 11. Ne5 g5 12. Nfd3 Nd7 13. Nxd7 Bxd7 14. Ne5 Be8 15. b3 Rh8 16. Bb2 Bf6 17. f3 Nd6 18. e4 fxe4 19. fxe4 Bxe5 20. dxe5 Nxe4 21. Bxe4 dxe4 22. Qxe4 Bg6 23. Qe3 Qe7 24. Rf6 h6 25. Rd1 Rhd8 26. Rd6 Bf5 27. Qf3 g4 28. Qf4 Rh8 29. Rxf5 exf5 30. Qxf5 1-0

[Event "Stare Mesto op"]
[Site "Stare Mesto"]
[Date "2006.08.13"]
[Round "3"]
[White "Pakhomov, Alexey"]
[Black "Braschi, Giancarlo"]
[Result "1-0"]
[WhiteElo "2523"]
[BlackElo "2194"]
[PlyCount "45"]
[EventDate "2006.08.11"]
[EventType "swiss"]
[EventRounds "10"]
[EventCountry "CZE"]
[SourceTitle "CBM 113 Extra"]
[Source "ChessBase"]
[SourceDate "2006.09.14"]
[SourceVersion "1"]
[SourceVersionDate "2006.09.14"]
[SourceQuality "1"]

1. d4 Nf6 2. c4 e6 3. Nc3 c5 4. Nf3 cxd4 5. Nxd4 a6 6. g3 Be7 7. Bg2 0-0 8. 0-0 Ra7 9. e4 d6 10. Be3 b6 11. h3 Rc7 12. Qe2 Nbd7 13. f4 Bb7 14. f5 e5 15. Nb3 Qa8 16. Nd2 b5 17. g4 b4 18. Nd5 Bxd5 19. exd5 Nc5 20. Bxc5 Rxc5 21. g5 Nd7 22. f6 gxf6 23. Qg4 1-0

[Event "Pardubice op-B2"]
[Site "Pardubice"]
[Date "2006.07.26"]
[Round "6"]
[White "Braschi, Giancarlo"]
[Black "Bitkinin, Lenar"]
[Result "0-1"]
[WhiteElo "2194"]
[BlackElo "2077"]
[PlyCount "42"]
[EventDate "2006.07.21"]
[EventType "swiss"]
[EventRounds "9"]
[EventCountry "CZE"]
[SourceTitle "CBM 113 Extra"]
[Source "ChessBase"]
[SourceDate "2006.09.14"]
[SourceVersion "1"]
[SourceVersionDate "2006.09.14"]
[SourceQuality "1"]

1. d4 d5 2. c4 c6 3. Nf3 Nf6 4. Nc3 dxc4 5. a4 Bf5 6. Nh4 Bg4 7. h3 Bh5 8. g4 Bg6 9. Nxg6 hxg6 10. e3 e6 11. Bxc4 Nbd7 12. Qf3 Bb4 13. Bd2 Qa5 14. e4 Rd8 15. g5 Nh5 16. 0-0 Ne5 17. dxe5 Rxd2 18. Rfd1 Rxd1+ 19. Rxd1 Qxe5 20. h4 Nf4 21. Qg4 Bxc3 0-1

[Event "Pardubice op-B2"]
[Site "Pardubice"]
[Date "2006.07.22"]
[Round "2"]
[White "Braschi, Giancarlo"]
[Black "Galochkin, Sergei"]
[Result "0-1"]
[WhiteElo "2194"]
[BlackElo "2015"]
[PlyCount "50"]
[EventDate "2006.07.21"]
[EventType "swiss"]
[EventRounds "9"]
[EventCountry "CZE"]
[SourceTitle "CBM 113 Extra"]
[Source "ChessBase"]
[SourceDate "2006.09.14"]
[SourceVersion "1"]
[SourceVersionDate "2006.09.14"]
[SourceQuality "1"]

1. d4 d5 2. c4 e6 3. Nc3 Nf6 4. cxd5 exd5 5. Bg5 c6 6. Qc2 Be7 7. e3 Nbd7 8. Bd3 Nh5 9. Bxe7 Qxe7 10. Nge2 Nb6 11. 0-0-0 g6 12. h3 Bd7 13. Kb1 Ng7 14. g4 0-0-0 15. Nf4 Kb8 16. Qb3 h5 17. a4 hxg4 18. a5 Nc4 19. Ncxd5 cxd5 20. Nxd5 Nxa5 21. Qc3 Qd6 22. Qxa5 Bc6 23. e4 Bxd5 24. exd5 gxh3 25. Be4 f5 0-1

[Event "Pardubice op-A"]
[Site "Pardubice"]
[Date "2005.07.22"]
[Round "1"]
[White "Stehno, Pavel"]
[Black "Braschi, Giancarlo"]
[Result "1-0"]
[WhiteElo "2373"]
[BlackElo "2201"]
[PlyCount "105"]
[EventDate "2005.07.22"]
[EventType "swiss"]
[EventRounds "9"]
[EventCountry "CZE"]
[SourceTitle "CBM 107 Extra"]
[Source "ChessBase"]
[SourceDate "2005.09.01"]
[SourceVersion "1"]
[SourceVersionDate "2005.09.01"]
[SourceQuality "1"]

1. e4 c5 2. Nf3 Nc6 3. d4 cxd4 4. Nxd4 Nf6 5. Nc3 e5 6. Ndb5 d6 7. Bg5 a6 8. Na3 b5 9. Nd5 Be7 10. Bxf6 Bxf6 11. c3 Bb7 12. Nc2 Nb8 13. g3 Nd7 14. Bg2 Bg5 15. 0-0 0-0 16. f4 exf4 17. gxf4 Bf6 18. Qg4 Bxd5 19. exd5 Nc5 20. Kh1 Qb6 21. Qf5 Rfe8 22. Bf3 Na4 23. Rg1 Qd8 24. Nb4 Kh8 25. Nc6 Qc8 26. Qc2 Re3 27. Rg3 Nxb2 28. Bg4 Qe8 29. Qxb2 Bxc3 30. Qxc3 Rxc3 31. Rxc3 Qe4+ 32. Bf3 Qxf4 33. Re1 g6 34. a3 Kg7 35. Bg2 Qd2 36. Rce3 a5 37. R3e2 Qd3 38. Re3 Qd2 39. Re7 Qc3 40. Rf1 Qxa3 41. Nd4 Kh6 42. Rexf7 Qb2 43. R7f4 Rf8 44. Rxf8 Qxd4 45. R8f4 Qb6 46. Rh4+ Kg7 47. Re4 b4 48. Re7+ Kh6 49. Rff7 b3 50. Rxh7+ Kg5 51. h4+ Kf4 52. Rhf7+ Kg4 53. Re4+ 1-0

[Event "Riva del Garda op 2nd"]
[Site "Riva del Garda"]
[Date "2004.12.30"]
[Round "7"]
[White "Piantoni, Roberto"]
[Black "Braschi, Giancarlo"]
[Result "0-1"]
[WhiteElo "2133"]
[BlackElo "2172"]
[PlyCount "60"]
[EventDate "2004.12.26"]
[EventType "swiss"]
[EventRounds "7"]
[EventCountry "ITA"]
[SourceTitle "CBM 104 Extra"]
[Source "ChessBase"]
[SourceDate "2005.03.01"]
[SourceVersion "1"]
[SourceVersionDate "2005.03.01"]
[SourceQuality "1"]

1. d4 Nf6 2. Nf3 c5 3. e3 g6 4. c3 b6 5. dxc5 bxc5 6. e4 Bb7 7. e5 Nd5 8. Bd3 Nc7 9. Nbd2 Bg7 10. Ne4 Ne6 11. Neg5 Nxg5 12. Bxg5 Bxf3 13. Qxf3 Nc6 14. e6 fxe6 15. Bb5 Rc8 16. Rd1 Qb6 17. Qe2 Rb8 18. Bxc6 Qxc6 19. 0-0 c4 20. Rfe1 Rb5 21. h4 Kf7 22. Rd2 Re5 23. Be3 Rb8 24. Red1 Rb7 25. f4 Ra5 26. a3 Bf6 27. Qf2 h5 28. g3 d6 29. Bd4 Bxd4 30. Rxd4 Rab5 0-1

[Event "Riva del Garda op 2nd"]
[Site "Riva del Garda"]
[Date "2004.12.28"]
[Round "5"]
[White "Bengsch, Bertram"]
[Black "Braschi, Giancarlo"]
[Result "0-1"]
[WhiteElo "2054"]
[BlackElo "2172"]
[PlyCount "70"]
[EventDate "2004.12.26"]
[EventType "swiss"]
[EventRounds "7"]
[EventCountry "ITA"]
[SourceTitle "CBM 104 Extra"]
[Source "ChessBase"]
[SourceDate "2005.03.01"]
[SourceVersion "1"]
[SourceVersionDate "2005.03.01"]
[SourceQuality "1"]

1. e4 c5 2. Nf3 Nc6 3. d4 cxd4 4. Nxd4 Nf6 5. Nc3 e5 6. Ndb5 d6 7. Bg5 a6 8. Na3 b5 9. Nd5 Be7 10. Bxf6 Bxf6 11. c3 Bb7 12. Nc2 Nb8 13. a4 bxa4 14. Rxa4 Nd7 15. Rb4 Nc5 16. Rxb7 Nxb7 17. Ncb4 Nc5 18. Nxa6 0-0 19. Nac7 Ra7 20. Nb5 Rb7 21. b4 Ne6 22. Nxd6 Rd7 23. Nf5 Qa8 24. Nxf6+ gxf6 25. Qxd7 Qa1+ 26. Qd1 Qxc3+ 27. Qd2 Qa1+ 28. Qd1 Qc3+ 29. Qd2 Qa1+ 30. Ke2 Rc8 31. Kf3 Rd8 32. Qc2 Qa3+ 33. Kg4 h5+ 34. Kxh5 Nf4+ 35. Kg4 Kh7 0-1

[Event "Riva del Garda op 2nd"]
[Site "Riva del Garda"]
[Date "2004.12.27"]
[Round "3"]
[White "Vecchia, Mario"]
[Black "Braschi, Giancarlo"]
[Result "0-1"]
[WhiteElo "2073"]
[BlackElo "2172"]
[PlyCount "92"]
[EventDate "2004.12.26"]
[EventType "swiss"]
[EventRounds "7"]
[EventCountry "ITA"]
[SourceTitle "CBM 104 Extra"]
[Source "ChessBase"]
[SourceDate "2005.03.01"]
[SourceVersion "1"]
[SourceVersionDate "2005.03.01"]
[SourceQuality "1"]

1. e4 c5 2. Nf3 Nc6 3. c3 Nf6 4. e5 Nd5 5. d4 cxd4 6. Bc4 Nb6 7. Bb3 g6 8. cxd4 Bg7 9. Nc3 0-0 10. 0-0 d6 11. Bf4 Bg4 12. exd6 Nxd4 13. Nd5 exd6 14. Rc1 Re8 15. Be3 Nxf3+ 16. gxf3 Bh3 17. Re1 Nxd5 18. Qxd5 Qd7 19. Bf4 Bxb2 20. Rcd1 Rxe1+ 21. Rxe1 Be6 22. Qd2 Be5 23. Bxe5 dxe5 24. Qxd7 Bxd7 25. Rxe5 Re8 26. Rc5 Bh3 27. Rc1 g5 28. Bd5 Re7 29. Rb1 b5 30. Be4 Rc7 31. Bd3 b4 32. Bf1 Bxf1 33. Kxf1 a5 34. Rb2 Rc3 35. Kg2 Kg7 36. Rd2 Kg6 37. Rd5 Ra3 38. Rd2 f6 39. Re2 Kf5 40. h3 Rc3 41. Rd2 Ra3 42. Re2 h5 43. Rc2 Ke5 44. Rd2 h4 45. Re2+ Kd4 46. Re4+ Kd3 0-1

[Event "Wch U20 43rd"]
[Site "Cochin"]
[Date "2004.11.29"]
[Round "12"]
[White "Braschi, Giancarlo"]
[Black "Phadke, Sohan"]
[Result "1-0"]
[WhiteElo "2172"]
[BlackElo "2125"]
[PlyCount "75"]
[EventDate "2004.11.20"]
[EventType "swiss"]
[EventRounds "13"]
[EventCountry "IND"]
[SourceTitle "CBM 103 Extra"]
[Source "ChessBase"]
[SourceDate "2005.01.01"]
[SourceVersion "1"]
[SourceVersionDate "2005.01.01"]
[SourceQuality "1"]

1. d4 Nf6 2. c4 c5 3. d5 b5 4. Nf3 Bb7 5. Qc2 Na6 6. a3 bxc4 7. e4 e6 8. dxe6 fxe6 9. e5 Ng4 10. h3 Nh6 11. Nbd2 Be7 12. Bxc4 Nf5 13. b3 Nb8 14. Bd3 Nc6 15. Bxf5 exf5 16. Qxf5 Ba6 17. Nc4 g6 18. Qf4 Bxc4 19. bxc4 Qc7 20. e6 Qxf4 21. exd7+ Kxd7 22. Bxf4 Bf6 23. Rd1+ Nd4 24. Be3 Kc6 25. Nxd4+ cxd4 26. Bxd4 Bxd4 27. Rxd4 Kc5 28. Rd7 Rhe8+ 29. Kd2 Rad8 30. Rxd8 Rxd8+ 31. Ke3 Re8+ 32. Kf4 Re2 33. Kg3 Ra2 34. Re1 Rxa3+ 35. f3 a5 36. Re7 a4 37. Rxh7 Rd3 38. Re7 1-0

[Event "Wch U20 43rd"]
[Site "Cochin"]
[Date "2004.11.25"]
[Round "9"]
[White "Braschi, Giancarlo"]
[Black "Mehdi, Hasan Parag"]
[Result "0-1"]
[WhiteElo "2172"]
[BlackElo "2251"]
[PlyCount "44"]
[EventDate "2004.11.20"]
[EventType "swiss"]
[EventRounds "13"]
[EventCountry "IND"]
[SourceTitle "CBM 103 Extra"]
[Source "ChessBase"]
[SourceDate "2005.01.01"]
[SourceVersion "1"]
[SourceVersionDate "2005.01.01"]
[SourceQuality "1"]

1. d4 d5 2. c4 c6 3. Nf3 Nf6 4. Nc3 dxc4 5. a4 Bf5 6. Nh4 Bg6 7. Nxg6 hxg6 8. e3 e6 9. Bxc4 Nbd7 10. Qe2 Bb4 11. 0-0 Qa5 12. e4 e5 13. f4 exd4 14. e5 dxc3 15. exf6+ Kf8 16. bxc3 Bxc3 17. Ra3 Bd4+ 18. Be3 Qc5 19. Kh1 Re8 20. Bxd4 Qxd4 21. Qa2 Nxf6 22. Bxf7 Qxf4 0-1

[Event "Wch U20 43rd"]
[Site "Cochin"]
[Date "2004.11.23"]
[Round "7"]
[White "Mishra, Soumyaranjan"]
[Black "Braschi, Giancarlo"]
[Result "0-1"]
[WhiteElo "2299"]
[BlackElo "2172"]
[PlyCount "43"]
[EventDate "2004.11.20"]
[EventType "swiss"]
[EventRounds "13"]
[EventCountry "IND"]
[SourceTitle "CBM 103 Extra"]
[Source "ChessBase"]
[SourceDate "2005.01.01"]
[SourceVersion "1"]
[SourceVersionDate "2005.01.01"]
[SourceQuality "1"]

1. e4 c5 2. Nf3 Nc6 3. Bb5 Qb6 4. Nc3 e6 5. 0-0 Nge7 6. Re1 Nd4 7. a4 Nec6 8. Bxc6 Qxc6 9. Nd5 Qd6 10. Ne3 Be7 11. b3 Qc6 12. Nxd4 cxd4 13. Nd5 exd5 14. exd5 Qxd5 15. Qe2 Qe6 16. Ba3 Qxe2 17. Rxe2 d6 18. Rae1 Be6 19. f4 g6 20. g4 Bh4 21. Kf1 0-0-0 22. h3 0-1

[Event "Wch U20 43rd"]
[Site "Cochin"]
[Date "2004.11.21"]
[Round "4"]
[White "Olsson, Linus"]
[Black "Braschi, Giancarlo"]
[Result "1/2-1/2"]
[WhiteElo "2289"]
[BlackElo "2172"]
[PlyCount "70"]
[EventDate "2004.11.20"]
[EventType "swiss"]
[EventRounds "13"]
[EventCountry "IND"]
[SourceTitle "CBM 103 Extra"]
[Source "ChessBase"]
[SourceDate "2005.01.01"]
[SourceVersion "1"]
[SourceVersionDate "2005.01.01"]
[SourceQuality "1"]

1. d4 Nf6 2. c4 e6 3. g3 c5 4. d5 exd5 5. cxd5 b5 6. Bg2 d6 7. Nf3 g6 8. 0-0 Bg7 9. e4 0-0 10. e5 dxe5 11. Nxe5 Bb7 12. Nc6 Qb6 13. Ne7+ Kh8 14. Re1 Rd8 15. a4 Na6 16. axb5 Nb4 17. Nc3 a6 18. bxa6 Bxa6 19. Na4 Qb5 20. Nc3 Qb6 21. Ra3 Rd7 22. Bh3 Rdd8 23. Na4 Qa5 24. Bg2 Ra7 25. Bd2 Qc7 26. Bxb4 cxb4 27. Rae3 Bb5 28. b3 h6 29. h3 Kh7 30. Kh2 Rd7 31. Qb1 Bxa4 32. bxa4 Rxa4 33. R3e2 Bf8 34. Nc6 Nxd5 35. Bxd5 Rxd5 1/2-1/2

[Event "Rome Petra op 02nd"]
[Site "Rome"]
[Date "2004.09.15"]
[Round "5"]
[White "Braschi, Giancarlo"]
[Black "De Vita, Cesare Igor"]
[Result "0-1"]
[WhiteElo "2196"]
[BlackElo "2156"]
[PlyCount "240"]
[EventDate "2004.09.11"]
[EventType "swiss"]
[EventRounds "9"]
[EventCountry "ITA"]
[SourceTitle "EXT 2007"]
[Source "ChessBase"]
[SourceDate "2006.11.23"]
[SourceVersion "1"]
[SourceVersionDate "2006.11.23"]
[SourceQuality "1"]

1. d4 d6 2. c4 e5 3. Nf3 Nd7 4. Nc3 Ngf6 5. e4 Be7 6. Be2 c6 7. 0-0 0-0 8. b3 Re8 9. Bb2 Bf8 10. d5 c5 11. Ne1 Nb8 12. Nd3 Na6 13. Qd2 Nb4 14. f4 Nxd3 15. Bxd3 Nd7 16. g3 Be7 17. Rae1 Bf6 18. Nb5 Nf8 19. fxe5 Bxe5 20. Bxe5 Rxe5 21. Qf4 f6 22. g4 Ng6 23. Qg3 Bxg4 24. Kh1 Bc8 25. Rg1 Qe7 26. a3 Bd7 27. Nc3 Rg5 28. Qf2 Rxg1+ 29. Rxg1 b6 30. Bf1 Qe5 31. Qg3 Qxg3 32. Rxg3 Ne5 33. Bh3 Bxh3 34. Rxh3 a6 35. Kg2 g6 36. Re3 Re8 37. Re1 Kf7 38. a4 Rb8 39. Ra1 Ke7 40. h4 Nf7 41. Kf3 Nd8 42. h5 Nf7 43. Rg1 Kd7 44. Kf4 Rg8 45. Rh1 Ke7 46. Re1 Rb8 47. Rg1 Ng5 48. Rb1 a5 49. hxg6 hxg6 50. Rh1 Kf7 51. Nb5 Rd8 52. Rh2 Kg7 53. Nc7 Rc8 54. Nb5 Nf7 55. Rh1 Rd8 56. Nc7 Ng5 57. Nb5 Kf7 58. Rh6 Kg7 59. Rh2 Rd7 60. Rh1 Nf7 61. Rh2 Nh6 62. Rh1 g5+ 63. Kf3 Kg6 64. Re1 Nf7 65. Rh1 f5 66. exf5+ Kxf5 67. Re1 Ne5+ 68. Kg3 Kf6 69. Rh1 Kg7 70. Re1 Kf6 71. Rf1+ Ke7 72. Rf5 Nf7 73. Rf1 Ne5 74. Rh1 Nf7 75. Kg4 Kf6 76. Rf1+ Kg6 77. Re1 Ne5+ 78. Kg3 Kf6 79. Rh1 Kg7 80. Rh5 Nf7 81. Rh3 Re7 82. Kg4 Kg6 83. Rc3 Re4+ 84. Kg3 Re7 85. Kg4 Nh6+ 86. Kf3 Nf5 87. Rd3 Rh7 88. Kg2 g4 89. Nc3 Re7 90. Kf2 Kg5 91. Ne2 Re4 92. Ng3 Rf4+ 93. Kg2 Nxg3 94. Kxg3 Re4 95. Rc3 Kf5 96. Rd3 Re1 97. Kf2 Re5 98. Rd1 Kf4 99. Rg1 Rh5 100. Kg2 Rh3 101. Rb1 Re3 102. Rf1+ Rf3 103. Re1 Rxb3 104. Re6 Rb2+ 105. Kf1 Rb4 106. Rxd6 Rxa4 107. Rxb6 Rxc4 108. Ra6 Rd4 109. d6 Ke5 110. Rxa5 Kxd6 111. Kf2 Kd5 112. Kg3 Kc4 113. Ra8 Kc3 114. Kf2 c4 115. Ke2 Rd3 116. Re8 g3 117. Rc8 Kb3 118. Rb8+ Kc2 119. Rg8 g2 120. Rg7 Rd1 0-1

[Event "Rome Petra op 02nd"]
[Site "Rome"]
[Date "2004.09.11"]
[Round "1"]
[White "Braschi, Giancarlo"]
[Black "Bellincampi, Stefano"]
[Result "1-0"]
[WhiteElo "2196"]
[BlackElo "2064"]
[PlyCount "119"]
[EventDate "2004.09.11"]
[EventType "swiss"]
[EventRounds "9"]
[EventCountry "ITA"]
[SourceTitle "EXT 2007"]
[Source "ChessBase"]
[SourceDate "2006.11.23"]
[SourceVersion "1"]
[SourceVersionDate "2006.11.23"]
[SourceQuality "1"]

1. d4 Nf6 2. c4 e6 3. Nc3 Bb4 4. e3 b6 5. Nge2 Ba6 6. a3 Bxc3+ 7. Nxc3 d5 8. b4 0-0 9. Bb2 c6 10. Qb3 Qe7 11. Be2 Rc8 12. Rd1 Nbd7 13. b5 dxc4 14. Bxc4 cxb5 15. Bxb5 Bb7 16. 0-0 Nd5 17. Ne2 N7f6 18. Bd3 Nh5 19. Bb1 Qg5 20. Ng3 Nxg3 21. hxg3 Nf6 22. a4 Ng4 23. Rfe1 Qh5 24. e4 Qh2+ 25. Kf1 Qh1+ 26. Ke2 Qxg2 27. Qf3 Ba6+ 28. Rd3 Bxd3+ 29. Bxd3 Qxf3+ 30. Kxf3 Nf6 31. g4 h6 32. Rg1 Ne8 33. Ke3 Nd6 34. Kf3 Nc4 35. Ba1 a6 36. g5 hxg5 37. Rxg5 f6 38. Rh5 b5 39. e5 fxe5 40. dxe5 Rd8 41. Ke2 Rd7 42. f4 Rad8 43. Bh7+ Kf7 44. Bc3 Rd1 45. f5 Rg1 46. fxe6+ Kxe6 47. Bf5+ Kf7 48. e6+ Ke7 49. Bb4+ Nd6 50. axb5 axb5 51. Bh3 Rh1 52. Bd2 Rh2+ 53. Ke1 Rxh3 54. Rxh3 Kxe6 55. Rb3 Kd5 56. Rg3 Rd7 57. Bc3 Re7+ 58. Kd1 Nf5 59. Rg6 Kc4 60. Kc2 1-0

[Event "ITA-ch U20"]
[Site "Porto San Giorgio"]
[Date "2004.08.24"]
[Round "5"]
[White "Chinello, Gianmarco"]
[Black "Braschi, Giancarlo"]
[Result "0-1"]
[WhiteElo "2100"]
[BlackElo "2196"]
[PlyCount "108"]
[EventDate "2004.08.20"]
[EventType "swiss"]
[EventRounds "9"]
[EventCountry "ITA"]
[SourceTitle "EXT 2005"]
[Source "ChessBase"]
[SourceDate "2004.11.15"]
[SourceVersion "1"]
[SourceVersionDate "2004.11.15"]
[SourceQuality "1"]

1. e4 c5 2. f4 d5 3. exd5 Qxd5 4. Nc3 Qd8 5. Nf3 Nc6 6. Bb5 Bd7 7. 0-0 e6 8. Kh1 Nd4 9. Nxd4 cxd4 10. Bxd7+ Qxd7 11. Ne4 Ne7 12. b3 Nf5 13. Bb2 Qc6 14. Ng5 h5 15. Qf3 Rc8 16. Rac1 h4 17. c3 d3 18. Qxc6+ Rxc6 19. Rf3 Bd6 20. c4 Ke7 21. Ne4 Bb8 22. Ba3+ Ke8 23. Bb2 f6 24. Nf2 Ra6 25. a3 Rd6 26. Nxd3 Nd4 27. Bxd4 Rxd4 28. Nc5 Kf7 29. Nxb7 Bxf4 30. Rd1 g5 31. h3 f5 32. c5 e5 33. Nd6+ Ke6 34. Nb5 Rxd2 35. Rxd2 Bxd2 36. Rd3 Bf4 37. Nxa7 e4 38. Rd1 e3 39. Nb5 Bg3 40. Nd4+ Kf6 41. Ne2 g4 42. hxg4 f4 43. b4 Kg5 44. Rd5+ Kxg4 45. Ng1 h3 46. Nf3 Bh4 47. c6 Kg3 48. Nxh4 hxg2+ 49. Kg1 Rxh4 50. Rg5+ Kf3 51. Rxg2 e2 52. Rf2+ Ke3 53. Rxe2+ Kxe2 54. c7 Rh8 0-1

[Event "ITA-ch U20"]
[Site "Porto San Giorgio"]
[Date "2004.08.23"]
[Round "4"]
[White "Braschi, Giancarlo"]
[Black "Boscolo, Marco"]
[Result "1/2-1/2"]
[WhiteElo "2196"]
[BlackElo "1898"]
[PlyCount "101"]
[EventDate "2004.08.20"]
[EventType "swiss"]
[EventRounds "9"]
[EventCountry "ITA"]
[SourceTitle "EXT 2005"]
[Source "ChessBase"]
[SourceDate "2004.11.15"]
[SourceVersion "1"]
[SourceVersionDate "2004.11.15"]
[SourceQuality "1"]

1. d4 e6 2. c4 Nf6 3. Nc3 Bb4 4. e3 0-0 5. Bd3 c5 6. Nge2 d5 7. a3 dxc4 8. Bxc4 cxd4 9. exd4 Be7 10. 0-0 a6 11. Re1 b5 12. Bb3 Bb7 13. Bg5 Nbd7 14. Bc2 Re8 15. Qd3 Nf8 16. Rad1 Nd5 17. Bc1 Ng6 18. Bb3 Rc8 19. f4 Nxc3 20. Nxc3 Bf6 21. Ne4 Be7 22. Rf1 Bd5 23. Bxd5 Qxd5 24. f5 exf5 25. Nc3 Qc4 26. Qxc4 Rxc4 27. Nd5 Rd8 28. Rxf5 Rc6 29. Nxe7+ Nxe7 30. Re5 Ng6 31. Ree1 Rcd6 32. h4 h5 33. Be3 Rd5 34. g3 Nf8 35. Rc1 Ne6 36. Rc6 a5 37. Ra6 a4 38. Rc6 g6 39. Kf2 Nxd4 40. Bxd4 Rxd4 41. Rc5 R4d5 42. Re8+ Rxe8 43. Rxd5 Rb8 44. Ke3 b4 45. axb4 Rxb4 46. Ra5 Kg7 47. Ra6 f6 48. Ra7+ Kh6 49. Ra6 Rg4 50. Kf3 f5 51. Ra7 1/2-1/2

[Event "ITA-ch U20"]
[Site "Porto San Giorgio"]
[Date "2004.08.21"]
[Round "2"]
[White "Braschi, Giancarlo"]
[Black "Basso, Piergiorgio"]
[Result "1/2-1/2"]
[WhiteElo "2196"]
[BlackElo "1742"]
[PlyCount "102"]
[EventDate "2004.08.20"]
[EventType "swiss"]
[EventRounds "9"]
[EventCountry "ITA"]
[SourceTitle "EXT 2005"]
[Source "ChessBase"]
[SourceDate "2004.11.15"]
[SourceVersion "1"]
[SourceVersionDate "2004.11.15"]
[SourceQuality "1"]

1. d4 Nf6 2. c4 g6 3. Nc3 Bg7 4. e4 d6 5. Be2 0-0 6. Bg5 h6 7. Be3 Nbd7 8. Qd2 e5 9. dxe5 dxe5 10. Bxh6 Nc5 11. Qxd8 Rxd8 12. Bg5 c6 13. Nf3 Bg4 14. 0-0 Rd6 15. h3 Bxf3 16. Bxf3 Ne6 17. Be3 Nd4 18. c5 Rd7 19. Rac1 Bf8 20. b4 Rad8 21. Bd1 b5 22. g3 Ne6 23. Bb3 Nd4 24. Bd1 Kh7 25. Bg5 Be7 26. f4 Ne6 27. fxe5 Nxg5 28. exf6 Bf8 29. h4 Ne6 30. Be2 Bh6 31. Rcd1 Be3+ 32. Kh1 Bd4 33. Nb1 Be5 34. Kg2 Rd4 35. Rxd4 Rxd4 36. Bg4 Nf8 37. a3 Rd3 38. Rf3 Rxf3 39. Bxf3 Ne6 40. Nd2 Nd4 41. Bd1 Bxf6 42. e5 Bxe5 43. Nf3 Nxf3 44. Bxf3 Bb2 45. Bxc6 Bxa3 46. Bxb5 Bxb4 47. c6 Bd6 48. g4 Kh6 49. Kf3 f5 50. gxf5 gxf5 51. Bd3 Kh5 1/2-1/2

[Event "ITA-ch 63rd"]
[Site "Arvier"]
[Date "2003.11.28"]
[Round "4"]
[White "Di Paolo, Raffaele"]
[Black "Braschi, Giancarlo"]
[Result "1-0"]
[WhiteElo "2325"]
[BlackElo "2138"]
[PlyCount "69"]
[EventDate "2003.11.25"]
[EventType "tourn"]
[EventRounds "9"]
[EventCountry "ITA"]
[EventCategory "4"]
[SourceTitle "CBM 097 Extra"]
[Source "ChessBase"]
[SourceDate "2004.01.13"]
[SourceVersion "1"]
[SourceVersionDate "2004.01.13"]
[SourceQuality "1"]

1. e4 c5 2. Nf3 Nc6 3. Bb5 Qb6 4. Nc3 e6 5. Bxc6 Qxc6 6. d4 cxd4 7. Nxd4 Qc7 8. 0-0 a6 9. a4 Be7 10. Qf3 Nf6 11. Re1 Qe5 12. Nb3 d6 13. Be3 Bd7 14. Rad1 g5 15. Bd4 Qf4 16. Qxf4 gxf4 17. e5 dxe5 18. Bxe5 Rg8 19. Bxf4 Bb4 20. Ne4 Nxe4 21. Rxe4 a5 22. g3 Bxa4 23. Ra1 Bxb3 24. cxb3 Ke7 25. Rc4 Rac8 26. Bc7 Ra8 27. Rh4 Rh8 28. Kg2 Ra6 29. Rh5 b6 30. Rb5 Rc8 31. Bxb6 Rca8 32. Bd4 Rd6 33. Rb7+ Rd7 34. Rxb4 axb4 35. Bc5+ 1-0